Čistá energia z hlbín zeme Ropa je základným, nie však jediným produktom

Bibliographic Details
Main Author: Sobotka, Ján (Author)
Format: Article
Language:Slovak
PhysicalDescription:Fot. 1.
Subjects:

MARC

LEADER 00000nab a2200000 a 4500
001 vtls000409230
003 SK-MaSNL
005 20260302234658.0
008 120924c1991 xo 0 slo
015 |a SNBRB19rr/mm-uuuuu 
035 |a CL0409354 
040 |a SNKBUCL  |b slo  |c SNKBUCL  |e AACR2 
041 0 |a slo 
044 |a xo  |c SK 
080 |a 620.91:665.61(437):662.997  |2 1981 
080 |a 665.61(437)  |2 1981 
080 |a 662.997  |2 1981 
100 1 |a Sobotka, Ján  |4 aut  |9 377174 
245 1 0 |a Čistá energia z hlbín zeme  |b Ropa je základným, nie však jediným produktom  |c Ján Sobotka 
300 |b Fot. 1. 
650 0 7 |a ropa  |2 snkbucl  |9 14547 
650 0 7 |a geotermálna energia  |2 snkbucl  |9 3507 
650 0 7 |a Moravské naftové doly, š. p., Hodonín  |2 snkbucl  |9 970265 
651 7 |a 3706  |2 snkbucl  |9 923924 
655 7 |a články z novín a časopisov  |2 snkbucl  |9 267496 
773 0 |t Technické noviny  |g Roč. 39, č. 4 (1991), s. 6 
850 |a Slovenská národná knižnica v Martine  |a MTA001 
852 |a SNK  |b KIS3GCP 
958 |a RK 
992 |a RBX 
999 |c 1551613  |d 1553543